Enciclopedia Tècnica de la educaciòn ; (Registro nro. 62327)
[ vista simple ]
| 000 -CABECERA | |
|---|---|
| Longitud fija campo de control | 01163nam a22002297a 4500 |
| 003 - IDENTIFICADOR DEL NÚMERO DE CONTROL | |
| Identificador del número de control | CCE-Cañar |
| 007 - CAMPO FIJO DE DESCRIPCIÓN FÍSICA--INFORMACIÓN GENERAL | |
| Campo fijo de descripción física | ta |
| 008 - DATOS DE LONGITUD FIJA--INFORMACIÓN GENERAL | |
| Códigos de información de longitud fija | 160108b1975 sp ad||| |||| 001 0 spa d |
| 020 ## - NÚMERO INTERNACIONAL ESTÁNDAR DEL LIBRO | |
| Número Internacional Normalizado para Libros (ISBN) | 8429412646 |
| 040 ## - FUENTE DE LA CATALOGACIÓN | |
| Centro catalogador de origen | CCE-Cañar |
| Centro transcriptor | CCE-Cañar |
| 082 ## - NÚMERO DE LA CLASIFICACIÓN DECIMAL DEWEY | |
| Número de clasificación | 370 |
| Número de documento | E2443 |
| 245 1# - MENCIÓN DE TÍTULO | |
| Título | Enciclopedia Tècnica de la educaciòn ; |
| 250 ## - MENCIÓN DE EDICIÓN | |
| Mención de edición | Primera ediciòn |
| 260 ## - PUBLICACIÓN, DISTRIBUCIÓN, ETC. (PIE DE IMPRENTA) | |
| Lugar de publicación, distribución, etc. | Madrid, España / |
| Nombre del editor, distribuidor, etc. | Santillana S. A. de Ediciones |
| Fecha de publicación, distribución, etc. | 1975 |
| 300 ## - DESCRIPCIÓN FÍSICA | |
| Extensión | 340 pàginas : |
| Otros detalles físicos | Tomo 3 ; |
| Dimensiones | 18 cm. |
| 500 ## - NOTA GENERAL | |
| Nota general | Varios responsables desde proyecto y supervisiòn, Direcciòn, redacciòn, coordinaciòn, Lectura crìtica y notas, revisiòn y presentaciòn. |
| 504 ## - NOTA DE BIBLIOGRAFÍA, ETC. | |
| Enlace | Bibliografìa pàgina: 331-333 |
| 505 ## - NOTA DE CONTENIDO CON FORMATO | |
| Nota de contenido con formato preestablecido | La enseñanza del idioma en la educaciòn general: Introducciòn general a las didàcticas especiales -- El lenguaje en la escuela primaria -- Vocabulario y lenguaje oral -- El lenguaje escrito -- Gramàtica y literatura -- Los idiomas extranjeros. Didàctica de la matemàtica elemental: Orientaciones actuales de la matemàtica -- La matemàtica en la escuela elemental -- Auxiliares del trabajo escolar. |
| 590 ## - NOTA LOCAL (RLIN) | |
| Enlace | jtcq |
| 650 ## - PUNTO DE ACCESO ADICIONAL DE MATERIA--TÉRMINO DE MATERIA | |
| 9 (RLIN) | 12288 |
| Nombre de materia o nombre geográfico como elemento de entrada | Educación |
| 942 ## - ELEMENTOS DE PUNTO DE ACCESO ADICIONAL (KOHA) | |
| Fuente de clasificaión o esquema | Dewey Decimal Classification |
| Koha [por defecto] tipo de item | Monografía |
| Suprimido | Perdido | Fuente de clasificación o esquema | Estropeado | Restricciones de uso | No se presta | Localización (Biblioteca) | Localización actual | Localización en estanterías | Fecha adquisición | Serie de enumeración ; cronología | Préstamos totales | Clasificación completa | Designación de pieza (código de barras) | Fecha última consulta | Número de ejemplar | Fecha del precio de reemplazo | Tipo de item de Koha |
|---|---|---|---|---|---|---|---|---|---|---|---|---|---|---|---|---|---|
| Disponible | Dewey Decimal Classification | Sin daños | Sin restricciones de uso | Disponible para préstamo | Biblioteca CCE - Cañar | Biblioteca CCE - Cañar | En Dep. | 08/01/2016 | t 3 | 370 E2443 | CCECAN'001367 | 08/01/2016 | Ej. 1 | 08/01/2016 | Monografía |























